[Event "Oberliga Sued W 1920"]
[Site "Germany"]
[Date "2020.03.01"]
[Round "7.2"]
[White "Heidorn, Oliver"]
[Black "Boidman, Yuri"]
[Result "1/2-1/2"]
[WhiteElo "2101"]
[BlackElo "2335"]
[PlyCount "92"]
[EventDate "2019.09.29"]
[EventType "team-tourn"]
[EventRounds "9"]
[EventCountry "GER"]
[SourceTitle "EXT 2021"]
[Source "ChessBase"]
[SourceDate "2020.10.23"]
[SourceVersion "1"]
[SourceVersionDate "2020.10.23"]
[SourceQuality "1"]

1. Nf3 d5 2. c4 c6 3. cxd5 cxd5 4. d4 Nf6 5. Nc3 Nc6 6. Bf4 Bf5 7. Qb3 Na5 8. Qa4+ Bd7 9. Qc2 e6 10. e3 Rc8 11. Bd3 Be7 12. 0-0 b5 13. Qe2 b4 14. Nb5 Qb6 15. Rac1 Nc6 16. a3 0-0 17. axb4 Nxb4 18. Nc3 Nxd3 19. Qxd3 Qxb2 20. Ne5 Ba4 21. Qa6 Ne4 22. Nd3 Qxc3 23. Rxc3 Nxc3 24. Qxa7 Bb5 25. Qxe7 Bxd3 26. Ra1 Ne2+ 27. Kh1 Nxf4 28. exf4 Rc2 29. f3 h6 30. h4 h5 31. Qg5 Bg6 32. f5 Bxf5 33. Qxh5 Rb8 34. Ra7 Bg6 35. Qg5 Rb1+ 36. Kh2 Rbb2 37. Ra3 Kh7 38. f4 f6 39. Qg4 Rc7 40. Qxe6 Be4 41. Rg3 Rcc2 42. Qe8 Rxg2+ 43. Rxg2 Rxg2+ 44. Kh3 f5 45. Qh5+ Kg8 46. Qe8+ Kh7 1/2-1/2

[Event "Oberliga Sued W 1819"]
[Site "Germany"]
[Date "2019.03.24"]
[Round "8.4"]
[White "Heidorn, Oliver"]
[Black "Hell, Manfred"]
[Result "1/2-1/2"]
[WhiteElo "2119"]
[BlackElo "2147"]
[PlyCount "66"]
[EventDate "2018.10.21"]
[EventType "team-tourn"]
[EventRounds "9"]
[EventCountry "GER"]
[SourceTitle "EXT 2020"]
[Source "ChessBase"]
[SourceDate "2019.10.17"]
[SourceVersion "1"]
[SourceVersionDate "2019.10.17"]
[SourceQuality "1"]
[WhiteTeam "Altenkirchen"]
[BlackTeam "Winterbach Turm"]
[WhiteTeamCountry "GER"]
[BlackTeamCountry "GER"]

1. d4 Nf6 2. c4 g6 3. Nc3 Bg7 4. Bg5 0-0 5. e3 d6 6. Be2 Nbd7 7. Nf3 h6 8. Bh4 g5 9. Bg3 Nh5 10. Qc2 Nxg3 11. hxg3 f5 12. g4 e6 13. gxf5 exf5 14. Bd3 Nb8 15. 0-0-0 Na6 16. g3 c5 17. Rh5 Nc7 18. Rdh1 Qf6 19. Ne2 a6 20. Nd2 b5 21. f4 d5 22. fxg5 hxg5 23. g4 bxc4 24. Bxf5 Bxf5 25. gxf5 Nb5 26. Rg1 cxd4 27. Rhxg5 Rf7 28. exd4 Nxd4 29. Nxd4 Qxd4 30. f6 Qxf6 31. Rxd5 Re8 32. Qc3 Qxc3+ 33. bxc3 Kf8 1/2-1/2

[Event "Oberliga Sued W 1718"]
[Site "Germany"]
[Date "2018.02.04"]
[Round "8.3"]
[White "Heidorn, Oliver"]
[Black "Le Corre, Benjamin"]
[Result "1-0"]
[WhiteElo "2118"]
[BlackElo "2264"]
[PlyCount "57"]
[EventDate "2017.09.10"]
[EventType "team-tourn"]
[EventRounds "11"]
[EventCountry "GER"]
[SourceTitle "EXT 2019"]
[Source "ChessBase"]
[SourceDate "2018.10.10"]
[SourceVersion "1"]
[SourceVersionDate "2018.10.10"]
[SourceQuality "1"]
[WhiteTeam "Altenkirchen"]
[BlackTeam "Saarbruecken SVG"]
[WhiteTeamCountry "GER"]
[BlackTeamCountry "GER"]

1. d4 Nf6 2. c4 g6 3. Nc3 Bg7 4. Bg5 0-0 5. e3 d6 6. Be2 Nbd7 7. Nf3 b6 8. Qc2 Bb7 9. 0-0 e6 10. Rfd1 h6 11. Bh4 g5 12. Bg3 Nh5 13. Rac1 f5 14. Nd2 Nxg3 15. hxg3 g4 16. f4 h5 17. Kf2 Qe7 18. Rh1 Nf6 19. Bd3 c5 20. d5 Rae8 21. Rce1 Qd7 22. dxe6 Qc6 23. Rh2 h4 24. Nd5 b5 25. e7 Rf7 26. Bxf5 bxc4 27. Rxh4 Bh8 28. Be6 Kg7 29. Qf5 1-0

[Event "Karl Mala Memorial op 09th"]
[Site "Frankfurt"]
[Date "2005.07.30"]
[Round "4"]
[White "Solonar, Stefan"]
[Black "Heidorn, Oliver"]
[Result "1/2-1/2"]
[WhiteElo "2362"]
[BlackElo "2105"]
[PlyCount "54"]
[EventDate "2005.07.28"]
[EventType "swiss"]
[EventRounds "7"]
[EventCountry "GER"]
[SourceTitle "EXT 2006"]
[Source "ChessBase"]
[SourceDate "2005.11.24"]
[SourceVersion "1"]
[SourceVersionDate "2005.11.24"]
[SourceQuality "1"]

1. c4 Nf6 2. Nc3 e6 3. e4 d6 4. d4 Nbd7 5. Nf3 e5 6. Be2 Be7 7. 0-0 0-0 8. Qc2 c6 9. Rd1 Qc7 10. h3 Re8 11. Be3 Nf8 12. Rac1 Ng6 13. b4 b6 14. c5 dxc5 15. bxc5 bxc5 16. d5 Bb7 17. dxc6 Bxc6 18. Nd5 Qa5 19. Nxf6+ Bxf6 20. Nd2 Nf4 21. Nb3 Nxe2+ 22. Qxe2 Qb5 23. Qxb5 Bxb5 24. Rxc5 a6 25. Rdc1 g6 26. Na5 Be7 27. Rxe5 Ba3 1/2-1/2

[Event "GER-ch 76th"]
[Site "Altenkirchen"]
[Date "2005.02.22"]
[Round "5"]
[White "Heidorn, Oliver"]
[Black "Schunk, Eduard"]
[Result "0-1"]
[WhiteElo "2111"]
[BlackElo "2337"]
[PlyCount "72"]
[EventDate "2005.02.18"]
[EventType "swiss"]
[EventRounds "9"]
[EventCountry "GER"]
[SourceTitle "CBM 106"]
[Source "ChessBase"]
[SourceDate "2005.06.06"]
[SourceVersion "1"]
[SourceVersionDate "2005.06.06"]
[SourceQuality "1"]

1. e4 e5 2. Nf3 Nc6 3. Bc4 Nf6 4. d3 h6 5. c3 d6 6. h3 g6 7. b4 Bg7 8. Qb3 Qe7 9. Nbd2 0-0 10. a4 Nd8 11. Ba3 a6 12. g4 Nd7 13. d4 exd4 14. cxd4 Nb6 15. Be2 Ne6 16. a5 Nd7 17. Qe3 Qf6 18. Rc1 Nf4 19. Kf1 Nxe2 20. Qxe2 c6 21. Nc4 Qe6 22. b5 axb5 23. Nxd6 Rxa5 24. d5 Qf6 25. Bb4 Ra4 26. dxc6 bxc6 27. Rxc6 Bb7 28. Bc3 Qe6 29. Bxg7 Bxc6 30. Bxf8 Nxf8 31. Nxb5 Bxb5 32. Qxb5 Qxe4 33. Qb3 Ne6 34. Rg1 Nf4 35. Qe3 Ra1+ 36. Ne1 Qc4+ 0-1

[Event "GER-ch 76th"]
[Site "Altenkirchen"]
[Date "2005.02.19"]
[Round "2"]
[White "Dresen, Ulrich"]
[Black "Heidorn, Oliver"]
[Result "1-0"]
[WhiteElo "2322"]
[BlackElo "2111"]
[PlyCount "85"]
[EventDate "2005.02.18"]
[EventType "swiss"]
[EventRounds "9"]
[EventCountry "GER"]
[SourceTitle "CBM 106"]
[Source "ChessBase"]
[SourceDate "2005.06.06"]
[SourceVersion "1"]
[SourceVersionDate "2005.06.06"]
[SourceQuality "1"]

1. d4 Nf6 2. Bg5 c5 3. Bxf6 gxf6 4. c3 Qb6 5. Qc2 cxd4 6. cxd4 Nc6 7. e3 d6 8. Nc3 Bf5 9. Qd2 Bh6 10. Nf3 0-0 11. Be2 Kh8 12. 0-0 Rg8 13. Kh1 Rg7 14. d5 Ne5 15. Nd4 Bd7 16. f4 Ng6 17. g3 Rag8 18. Bf3 e5 19. Nde2 Ne7 20. Be4 Bh3 21. Bg2 Bxg2+ 22. Kxg2 Nf5 23. Nd1 Re8 24. Rc1 Rgg8 25. Qd3 e4 26. Qb3 Qa6 27. Kf2 Bg7 28. Rc4 Nh6 29. h3 b6 30. g4 Qb7 31. Ndc3 Qd7 32. Rg1 Rc8 33. Nd4 Rxc4 34. Qxc4 Rc8 35. Nc6 f5 36. g5 Ng8 37. b4 Ne7 38. b5 Rc7 39. h4 Kg8 40. Ne2 a6 41. Rc1 Nxc6 42. dxc6 Qc8 43. bxa6 1-0

[Event "SVR-ch MTA"]
[Site "Hoehr-Grenzhausen"]
[Date "2004.??.??"]
[Round "7"]
[White "Dubkov, Andrej"]
[Black "Heidorn, Oliver"]
[Result "1-0"]
[WhiteElo "2315"]
[BlackElo "2130"]
[PlyCount "32"]
[EventDate "2004.??.??"]
[EventType "tourn"]
[EventRounds "9"]
[EventCountry "GER"]
[SourceTitle "EXT 2009"]
[Source "ChessBase"]
[SourceDate "2008.11.26"]
[SourceVersion "1"]
[SourceVersionDate "2008.11.26"]
[SourceQuality "1"]

1. e4 c5 2. Nf3 e6 3. g3 Nc6 4. Bg2 d5 5. exd5 exd5 6. d4 Bg4 7. 0-0 Nxd4 8. Qe1+ Be6 9. Nxd4 cxd4 10. Nd2 Bb4 11. Qe2 Bxd2 12. Bxd2 Ne7 13. Bg5 Qb6 14. Bxe7 Kxe7 15. Bxd5 Rad8 16. Bxe6 fxe6 1-0

[Event "SVR-ch MTA"]
[Site "Hoehr-Grenzhausen"]
[Date "2004.??.??"]
[Round "9"]
[White "Heidorn, Oliver"]
[Black "Schwab, Thomas"]
[Result "1-0"]
[WhiteElo "2130"]
[BlackElo "2145"]
[PlyCount "57"]
[EventDate "2004.??.??"]
[EventType "tourn"]
[EventRounds "9"]
[EventCountry "GER"]
[SourceTitle "EXT 2009"]
[Source "ChessBase"]
[SourceDate "2008.11.26"]
[SourceVersion "1"]
[SourceVersionDate "2008.11.26"]
[SourceQuality "1"]

1. d4 Nf6 2. c4 g6 3. Nc3 d5 4. cxd5 Nxd5 5. e4 Nxc3 6. bxc3 Bg7 7. Nf3 c5 8. Rb1 0-0 9. Be2 cxd4 10. cxd4 Qa5+ 11. Qd2 Qxd2+ 12. Bxd2 b6 13. 0-0 Na6 14. a4 Nc7 15. Bb4 Ba6 16. Rfe1 Rac8 17. Bxa6 Nxa6 18. Bxe7 Rfe8 19. Bd6 Rc4 20. e5 Rxa4 21. Ra1 b5 22. Rxa4 bxa4 23. Rc1 f6 24. Rc4 a3 25. Ra4 Nb8 26. Rxa7 fxe5 27. dxe5 Nc6 28. Rxa3 Nxe5 29. Bxe5 1-0

[Event "SVR-ch MTA"]
[Site "Hoehr-Grenzhausen"]
[Date "2004.??.??"]
[Round "3"]
[White "Thieme Garmann, Alexander"]
[Black "Heidorn, Oliver"]
[Result "0-1"]
[WhiteElo "2170"]
[BlackElo "2130"]
[PlyCount "50"]
[EventDate "2004.??.??"]
[EventType "tourn"]
[EventRounds "9"]
[EventCountry "GER"]
[SourceTitle "EXT 2009"]
[Source "ChessBase"]
[SourceDate "2008.11.26"]
[SourceVersion "1"]
[SourceVersionDate "2008.11.26"]
[SourceQuality "1"]

1. e4 c5 2. Nc3 e6 3. d3 Nc6 4. g3 Be7 5. Bg2 Nf6 6. Nge2 0-0 7. 0-0 d5 8. exd5 exd5 9. Bg5 Be6 10. d4 c4 11. Qd2 Re8 12. Rae1 h6 13. Bxf6 Bxf6 14. Nd1 Qb6 15. c3 Qa5 16. a3 Bf5 17. Nf4 Be4 18. Bxe4 dxe4 19. Ne3 Nxd4 20. Qd1 Nf3+ 21. Kg2 Nxe1+ 22. Rxe1 Qc5 23. h4 Be5 24. Nh5 g6 25. Qg4 Bxc3 0-1

[Event "Rheinland-ch MAT A"]
[Site "Koblenz"]
[Date "2003.04.17"]
[Round "6"]
[White "Kutzner, Stephen"]
[Black "Heidorn, Oliver"]
[Result "0-1"]
[WhiteElo "1918"]
[BlackElo "2125"]
[PlyCount "112"]
[EventDate "2003.04.11"]
[EventType "tourn"]
[EventRounds "9"]
[EventCountry "GER"]
[SourceTitle "EXT 2004"]
[Source "ChessBase"]
[SourceDate "2003.11.25"]
[SourceVersion "1"]
[SourceVersionDate "2003.11.25"]
[SourceQuality "1"]

1. Nc3 d5 2. e4 d4 3. Nce2 Nf6 4. Ng3 c5 5. Bc4 Bg4 6. f3 Bd7 7. e5 b5 8. Bxf7+ Kxf7 9. exf6 exf6 10. d3 Qc7 11. f4 Bc6 12. Nf3 Bd6 13. 0-0 Re8 14. c3 Kg8 15. Nf5 dxc3 16. bxc3 Bxf4 17. Bxf4 Qxf4 18. N3d4 Qc7 19. Qb3+ Kh8 20. Ne6 Qd7 21. Nxc5 Qd5 22. Qxd5 Bxd5 23. Rae1 Nc6 24. Nd6 Red8 25. Nxb5 Bxa2 26. c4 Nb4 27. Re2 Rac8 28. Nb7 Rxd3 29. N5d6 Rb8 30. Rfe1 h5 31. Re7 Nc6 32. Rc7 Ne5 33. Nf5 g6 34. Nfd6 Rd2 35. Ne4 Rd7 36. Rxd7 Nxd7 37. Nbd6 Rb2 38. Nc3 Ne5 39. c5 Rc2 40. Nce4 Bd5 41. Nxf6 Nd3 42. Nxd5 Nxe1 43. Nf4 Rxc5 44. Nxg6+ Kh7 45. Nf4 a5 46. Kf2 Nc2 47. Ke2 a4 48. Nd3 Rc6 49. Nb5 a3 50. Nxa3 Nxa3 51. Nf4 Kh6 52. Kf2 Rc3 53. g3 Nc4 54. Kg2 Ne5 55. Kh3 Rc2 56. Ng2 Nf3 0-1

[Event "Rheinland-ch MAT A"]
[Site "Koblenz"]
[Date "2003.04.13"]
[Round "5"]
[White "Becker, Volker"]
[Black "Heidorn, Oliver"]
[Result "1/2-1/2"]
[WhiteElo "1822"]
[BlackElo "2125"]
[PlyCount "102"]
[EventDate "2003.04.11"]
[EventType "tourn"]
[EventRounds "9"]
[EventCountry "GER"]
[SourceTitle "EXT 2004"]
[Source "ChessBase"]
[SourceDate "2003.11.25"]
[SourceVersion "1"]
[SourceVersionDate "2003.11.25"]
[SourceQuality "1"]

1. e4 e5 2. Nf3 Nf6 3. Nxe5 d6 4. Nf3 Nxe4 5. d4 d5 6. Bd3 Bd6 7. 0-0 0-0 8. c4 c6 9. Nc3 Nxc3 10. bxc3 Bg4 11. cxd5 cxd5 12. h3 Bh5 13. Rb1 b6 14. Re1 Nc6 15. Bd2 Bc7 16. Be2 Re8 17. Qc2 Qd6 18. g4 Rxe2 19. Rxe2 Bg6 20. Qb2 Bxb1 21. Qxb1 Na5 22. Qb5 Qc6 23. Qd3 Re8 24. Rxe8+ Qxe8 25. Qf5 Qe6 26. Qxe6 fxe6 27. Ng5 e5 28. Ne6 Bd6 29. dxe5 Bxe5 30. f4 Nc4 31. fxe5 Nxd2 32. Nc7 Nf3+ 33. Kf2 Nxe5 34. Ke3 Kf7 35. Kd4 Ng6 36. Kxd5 Nf4+ 37. Kc6 Nxh3 38. Kb7 Nf2 39. Kxa7 Nxg4 40. Kxb6 h5 41. a4 h4 42. a5 h3 43. a6 h2 44. a7 h1Q 45. a8Q Qxa8 46. Nxa8 Ne5 47. Kc5 g5 48. Kd4 g4 49. Ke3 g3 50. Nb6 Ke6 51. Nc4 Nxc4+ 1/2-1/2